000 00515cam a2200169 4500500
005 20260329002507.0
041 _afre
042 _adc
100 1 0 _aPerry, John
_eauthor
245 0 0 _aProcrastination, j’écris ton nom
260 _c2012.
500 _a93
690 _aProcrastination
690 _aTemps
786 0 _nPhilosophie magazine | 63 | 10 | 2012-10-01 | p. 32-32 | 1951-1787
856 4 1 _uhttps://shs.cairn.info/magazine-philosophie-magazine-2012-10-page-32?lang=fr&redirect-ssocas=7080
999 _c1815553
_d1815553